Diseño de un sistema integral de certificación agrícola implementado por la empresa beta

Gardado en:
Detalles Bibliográficos
Autor Principal: Brenes Chacón, Hugo Antonio
Outros autores: Rodríguez Berrón, David, Villalobos Baldioceda, Eugenia
Formato: Libro
Publicado: San José, C.R. 1997
Materias:
Etiquetas: Engadir etiqueta
Sen Etiquetas, Sexa o primeiro en etiquetar este rexistro!

MARC

LEADER 00000nam a2200000Ia 4500
003 008361
005 20221231144228.0
008 140114s1997 cr a m 000 ||s d
040 |c cru CEDI 
090 |a TFG 3764 
100 |a Brenes Chacón, Hugo Antonio  |9 9277 
245 |a Diseño de un sistema integral de certificación agrícola implementado por la empresa beta 
260 |c 1997  |a  San José, C.R. 
300 |a  xvii, 236, [200] hojas : ilustraciones (algunas a color)  
500 |a  Proyecto de graduación (licenciatura en ingeniería industrial)--Universidad de Costa Rica. Facultad de Ingeniería, Escuela de Ingeniería Industrial 
650 |x EMPRESA BETA (COSTA RICA)   |x CONTROL AMBIENTAL   |x -ASPECTOS LEGALES   |x COSTA RICA  |9 9280 
700 |9 9278  |a Rodríguez Berrón, David 
700 |9 9279  |a Villalobos Baldioceda, Eugenia 
942 |c TFG 
999 |c 18747  |d 18747